[Event "Verona-chT Serie B/5 51st"]
[Site "Verona"]
[Date "2019.03.17"]
[Round "5.2"]
[White "Viaggi, Stefano"]
[Black "Fratton, Zeno"]
[Result "0-1"]
[WhiteElo "2016"]
[BlackElo "2067"]
[PlyCount "66"]
[EventDate "2019.03.15"]
[EventType "team-tourn"]
[EventRounds "5"]
[EventCountry "ITA"]
[SourceTitle "EXT 2022"]
[Source "ChessBase"]
[SourceDate "2021.10.06"]
[SourceVersion "1"]
[SourceVersionDate "2021.10.06"]
[SourceQuality "1"]
[WhiteTeam "Padova Micha Knights"]
[BlackTeam "Valpolicella"]
[WhiteTeamCountry "ITA"]
[BlackTeamCountry "ITA"]

1. Nf3 c5 2. b3 Nc6 3. Bb2 d6 4. e3 e5 5. d4 cxd4 6. exd4 e4 7. d5 exf3 8. dxc6 Qe7+ 9. Be2 Qxe2+ 10. Qxe2+ fxe2 11. Kxe2 bxc6 12. Re1 Be6 13. Kf1 Nf6 14. c4 Be7 15. Nc3 0-0 16. Rad1 Rfe8 17. h3 h6 18. g4 d5 19. cxd5 cxd5 20. Nb5 Bb4 21. Re3 Bd7 22. Rxe8+ Nxe8 23. Nd4 Rc8 24. Rd3 Bc5 25. Kg2 Bxd4 26. Bxd4 a6 27. a4 Nc7 28. Kg3 Ne6 29. Be5 Bc6 30. Bd6 d4 31. f4 Be4 32. Rd2 Rc3+ 33. Kh2 Rc2 0-1

[Event "Verona-chT Serie B/5 51st"]
[Site "Verona"]
[Date "2019.03.15"]
[Round "1.1"]
[White "Luchsinger, Eric"]
[Black "Viaggi, Stefano"]
[Result "1/2-1/2"]
[WhiteElo "2110"]
[BlackElo "2016"]
[PlyCount "82"]
[EventDate "2019.03.15"]
[EventType "team-tourn"]
[EventRounds "5"]
[EventCountry "ITA"]
[SourceTitle "EXT 2022"]
[Source "ChessBase"]
[SourceDate "2021.10.06"]
[SourceVersion "1"]
[SourceVersionDate "2021.10.06"]
[SourceQuality "1"]
[WhiteTeam "Bergamo"]
[BlackTeam "Padova Micha Knights"]
[WhiteTeamCountry "ITA"]
[BlackTeamCountry "ITA"]

1. c4 g6 2. Nc3 Bg7 3. g3 e5 4. Bg2 Nc6 5. e4 d6 6. Nge2 Bg4 7. f3 Be6 8. d3 f5 9. Be3 Nf6 10. Nd5 0-0 11. Qd2 Qd7 12. 0-0 Rac8 13. Rae1 b6 14. b3 Ne7 15. Kh1 c6 16. Nxe7+ Qxe7 17. d4 Rfd8 18. Bg5 Qf8 19. d5 cxd5 20. cxd5 Bd7 21. Rc1 Rxc1 22. Rxc1 Rc8 23. Rxc8 Qxc8 24. Qc3 Kf7 25. Qxc8 Bxc8 26. Nc3 Ba6 27. Kg1 fxe4 28. fxe4 Bd3 29. Bxf6 Bxf6 30. Bf1 Bxf1 31. Kxf1 a6 32. Ke2 h5 33. Kf3 b5 34. Ke2 Ke7 35. Kd3 Kd7 36. a4 bxa4 37. Nxa4 Bd8 38. Kc4 Ba5 39. b4 Bd8 40. Nc3 Bb6 41. Ne2 Bf2 1/2-1/2

[Event "Padova op-A 17th"]
[Site "Padova"]
[Date "2014.12.20"]
[Round "8.28"]
[White "Bergamasco, Tommaso"]
[Black "Viaggi, Stefano"]
[Result "1/2-1/2"]
[WhiteElo "2012"]
[BlackElo "2058"]
[PlyCount "139"]
[EventDate "2014.12.14"]
[EventType "swiss"]
[EventRounds "9"]
[EventCountry "ITA"]
[SourceTitle "EXT 2024"]
[Source "ChessBase"]
[SourceDate "2023.10.10"]
[SourceVersion "1"]
[SourceVersionDate "2023.10.10"]
[SourceQuality "1"]

1. d4 g6 2. e4 Bg7 3. Nf3 d6 4. c3 b6 5. Bd3 Bb7 6. 0-0 Nd7 7. Re1 e6 8. a4 a6 9. Nbd2 Ne7 10. Nf1 c5 11. Ng3 0-0 12. Bg5 h6 13. Be3 e5 14. dxe5 Nxe5 15. Nxe5 dxe5 16. a5 bxa5 17. Bxc5 Re8 18. Bc2 Nc6 19. Qxd8 Raxd8 20. Red1 Rxd1+ 21. Rxd1 Rd8 22. Rxd8+ Nxd8 23. Nf1 Bf8 24. Bxf8 Kxf8 25. Ne3 Ke7 26. Nc4 Nc6 27. f3 Bc8 28. Nb6 Be6 29. Bd3 Kd6 30. Nc4+ Kc7 31. Kf2 f6 32. Ne3 Kb6 33. Ke2 a4 34. Bc4 Bxc4+ 35. Nxc4+ Kc5 36. Kd3 h5 37. Ne3 Na5 38. g3 Nb3 39. Nd5 f5 40. Ne7 fxe4+ 41. fxe4 g5 42. Ng6 Kd6 43. h4 g4 44. Nf8 Nc1+ 45. Ke3 a5 46. Nh7 Ke7 47. Ng5 Kd6 48. Nf7+ Ke6 49. Nd8+ Kd6 50. Nb7+ Kc6 51. Nd8+ Kd7 52. Nf7 Ke6 53. Ng5+ Ke7 54. Kd2 Nb3+ 55. Kd3 Nc1+ 56. Kd2 Nb3+ 57. Kd3 Nc1+ 58. Kc4 Ne2 59. Kb5 Nxc3+ 60. Kxa5 Nd1 61. Kxa4 Nxb2+ 62. Kb3 Nd1 63. Kc4 Ne3+ 64. Kc5 Nf1 65. Kd5 Nxg3 66. Kxe5 Ne2 67. Kf5 Nd4+ 68. Kg6 Nf3 69. Kxh5 Nxg5 70. Kxg4 1/2-1/2

[Event "Padova op-A 17th"]
[Site "Padova"]
[Date "2014.12.16"]
[Round "3.22"]
[White "Viaggi, Stefano"]
[Black "Brunello, Marina"]
[Result "0-1"]
[WhiteElo "2058"]
[BlackElo "2254"]
[PlyCount "136"]
[EventDate "2014.12.14"]
[EventType "swiss"]
[EventRounds "9"]
[EventCountry "ITA"]
[SourceTitle "EXT 2024"]
[Source "ChessBase"]
[SourceDate "2023.10.10"]
[SourceVersion "1"]
[SourceVersionDate "2023.10.10"]
[SourceQuality "1"]

1. Nf3 d5 2. g3 Nf6 3. Bg2 c6 4. 0-0 Bf5 5. d3 e6 6. Nbd2 Nbd7 7. b3 Be7 8. Bb2 0-0 9. c4 h6 10. a3 a5 11. Rc1 Bh7 12. Rc2 Bd6 13. Qa1 Qe7 14. Rfc1 Rfe8 15. Bh3 Qf8 16. Nh4 Rad8 17. Bg2 Ng4 18. h3 Ngf6 19. Re1 e5 20. cxd5 cxd5 21. e4 Nc5 22. Rxc5 Bxc5 23. Bxe5 Re6 24. Bxf6 Rxf6 25. d4 dxe4 26. Nxe4 Bxe4 27. Rxe4 Bxa3 28. Nf3 Rc6 29. Re1 Rdc8 30. Qd1 Bb4 31. Rf1 Rc2 32. Qd3 R2c3 33. Qb5 Qe7 34. Ne5 R3c7 35. Bd5 Qe8 36. Qd3 Qd8 37. Qf3 Qf6 38. Qe4 Bd6 39. Bxb7 Re8 40. f4 Rc3 41. Rf3 Bxe5 42. dxe5 Qb6+ 43. Kg2 Rxb3 44. Rxb3 Qxb3 45. Bd5 Qb2+ 46. Kf3 Qc3+ 47. Kg4 Qb4 48. Qf5 Qe7 49. h4 Rd8 50. Bb3 Rb8 51. Bd5 a4 52. h5 a3 53. e6 fxe6 54. Bxe6+ Kh8 55. Qd5 Re8 56. Bf7 Rd8 57. Qb3 Qe2+ 58. Kh3 Ra8 59. Qd5 Qa6 60. Qa2 Qc8+ 61. g4 Qc3+ 62. Kh4 Qe1+ 63. Kh3 Qe3+ 64. Kh4 Qxf4 65. Bg6 Qg5+ 66. Kh3 Qe3+ 67. Kh4 Rc8 68. Qf7 Qe1+ 0-1

[Event "Padova Del Santo op 1st"]
[Site "Padova"]
[Date "2014.02.16"]
[Round "5"]
[White "Zanchetta, Nicola"]
[Black "Viaggi, Stefano"]
[Result "0-1"]
[WhiteElo "1908"]
[BlackElo "2062"]
[PlyCount "126"]
[EventDate "2014.02.14"]
[EventType "swiss"]
[EventRounds "5"]
[EventCountry "ITA"]
[SourceTitle "EXT 2022"]
[Source "ChessBase"]
[SourceDate "2021.10.06"]
[SourceVersion "1"]
[SourceVersionDate "2021.10.06"]
[SourceQuality "1"]

1. e4 g6 2. d4 Bg7 3. c4 d6 4. Nc3 Nf6 5. Be2 a6 6. Be3 c6 7. f4 b5 8. e5 Nfd7 9. Nf3 0-0 10. Qd2 bxc4 11. Bxc4 Nb6 12. Bd3 N8d7 13. 0-0 c5 14. dxc5 Nxc5 15. Bxc5 dxc5 16. Be4 Qxd2 17. Nxd2 Rb8 18. Rac1 Bf5 19. Bxf5 gxf5 20. Nb3 Rfc8 21. Ne2 c4 22. Nbd4 e6 23. b3 Bf8 24. h3 Ba3 25. Rc3 Bb2 26. Rg3+ Kf8 27. bxc4 Rxc4 28. Rd1 Nd5 29. Rgd3 Bxd4+ 30. Rxd4 Rxd4 31. Rxd4 Rb2 32. Ng3 Ne3 33. Nh5 Rxg2+ 34. Kh1 Rxa2 35. Rd7 Nd5 36. Nf6 Nxf4 37. Nxh7+ Kg7 38. Ng5 Kg6 39. Nxf7 Nxh3 40. Nd8 Ng5 41. Kg1 Nf3+ 42. Kf1 Nxe5 43. Rd6 f4 44. Nxe6 Kf5 45. Nc5 a5 46. Rd5 f3 47. Nd7 Ke6 48. Rxe5+ Kxd7 49. Rf5 f2 50. Rf6 Kc7 51. Re6 Kb7 52. Rd6 a4 53. Rh6 a3 54. Rh7+ Kb6 55. Rh6+ Kb5 56. Rh5+ Kc4 57. Rh4+ Kd3 58. Rh3+ Ke4 59. Rh8 Rb2 60. Rh4+ Kf5 61. Ra4 a2 62. Ra5+ Ke4 63. Ra4+ Kd5 0-1

[Event "Basel op"]
[Site "Basel"]
[Date "2014.01.01"]
[Round "1"]
[White "Viaggi, Stefano"]
[Black "Meier, Volker"]
[Result "1/2-1/2"]
[WhiteElo "2058"]
[BlackElo "2256"]
[PlyCount "120"]
[EventDate "2014.01.01"]
[EventType "swiss"]
[EventRounds "7"]
[EventCountry "SUI"]
[SourceTitle "CBM 158 Extra"]
[Source "ChessBase"]
[SourceDate "2014.02.28"]
[SourceVersion "1"]
[SourceVersionDate "2014.02.28"]
[SourceQuality "1"]

1. d4 Nf6 2. Nf3 g6 3. Bf4 Bg7 4. e3 0-0 5. Be2 d6 6. h3 b6 7. 0-0 Bb7 8. c4 Nbd7 9. Nc3 Ne4 10. Nxe4 Bxe4 11. Nd2 Bb7 12. Bf3 c6 13. Ne4 h6 14. Bh2 f5 15. Nc3 Qc7 16. Rc1 e5 17. b4 Rad8 18. Qb3 Kh7 19. Rfd1 Qc8 20. a4 Rfe8 21. a5 exd4 22. exd4 Nf6 23. axb6 axb6 24. Na4 Ne4 25. Nxb6 Qe6 26. Qc2 Ng5 27. Bxc6 Bxc6 28. d5 Bxd5 29. Nxd5 Rc8 30. Bf4 Nf7 31. b5 Ne5 32. Qb3 g5 33. Be3 f4 34. Bd4 Rf8 35. f3 Rf7 36. Bf2 h5 37. Qc2+ Kh8 38. Qe4 g4 39. hxg4 hxg4 40. Bd4 gxf3 41. Bxe5 Bxe5 42. Qxf3 Rg8 43. Kf2 Rg3 44. Rh1+ Kg8 45. Qe4 Qg4 46. b6 Rb3 47. Rh6 Rb2+ 48. Kf1 Kf8 49. c5 Qg3 50. Qf3 dxc5 51. Rh3 Qxf3+ 52. Rxf3 Rh7 53. Rh3 Rxh3 54. gxh3 Bd4 55. Re1 f3 56. b7 Rxb7 57. Nf4 Kf7 58. Ne6 Re7 59. Ng5+ Kf6 60. Rxe7 Kxe7 1/2-1/2

[Event "Padova op-A 16th"]
[Site "Padova"]
[Date "2013.12.22"]
[Round "9.17"]
[White "Fregonese, Giulio"]
[Black "Viaggi, Stefano"]
[Result "0-1"]
[WhiteElo "2200"]
[BlackElo "2033"]
[PlyCount "164"]
[EventDate "2013.12.15"]
[EventType "swiss"]
[EventRounds "9"]
[EventCountry "ITA"]
[SourceTitle "EXT 2024"]
[Source "ChessBase"]
[SourceDate "2023.10.10"]
[SourceVersion "1"]
[SourceVersionDate "2023.10.10"]
[SourceQuality "1"]

1. e4 g6 2. d4 Bg7 3. Nf3 d6 4. c3 e6 5. Bg5 Ne7 6. Qd2 h6 7. Be3 Nd7 8. Na3 a6 9. Nc2 b6 10. Bd3 Bb7 11. Ng1 c5 12. f3 Nc6 13. Nh3 0-0 14. Nf2 Kh7 15. h4 e5 16. d5 Ne7 17. h5 g5 18. c4 Bc8 19. Nh3 Ng8 20. a3 Rb8 21. Qe2 b5 22. b3 bxc4 23. bxc4 Nb6 24. Nf2 Bd7 25. Bd2 Na4 26. Ne3 f5 27. Rc1 f4 28. Nf5 Qc7 29. Ng4 Rb2 30. Qd1 Rb7 31. Bc2 Nb2 32. Qe2 Rfb8 33. Rb1 Na4 34. Rxb7 Rxb7 35. Kf2 Qb8 36. Bc1 Nb6 37. g3 Bxf5 38. exf5 fxg3+ 39. Kxg3 Nf6 40. Bd2 Nbd7 41. Bc3 Qe8 42. Kf2 Kh8 43. Ke1 Qb8 44. Kd2 Kh7 45. Kc1 Bf8 46. Nf2 Qe8 47. Ne4 Nxe4 48. fxe4 Nf6 49. Kd2 Be7 50. Kd3 Bd8 51. Qd1 g4 52. Bd2 Rg7 53. Qc1 Ng8 54. Qb1 g3 55. Bd1 g2 56. Rg1 Rg3+ 57. Kc2 Qa4+ 58. Kc1 Qxc4+ 59. Bc2 Qf1+ 60. Kb2 Qxb1+ 61. Kxb1 c4 62. Be1 Bb6 63. Bxg3 Bxg1 64. Bd1 Bd4 65. Bh2 g1Q 66. Bxg1 Bxg1 67. Be2 c3 68. Bxa6 Nf6 69. Kc2 Bd4 70. Bd3 Nxh5 71. Be2 Nf4 72. Bf3 Kg7 73. a4 h5 74. a5 h4 75. a6 h3 76. a7 Bxa7 77. Kxc3 Bf2 78. Kd2 Kf6 79. Kd1 h2 80. Kd2 Kg5 81. Kd1 Bg3 82. Kd2 Nh3 0-1

[Event "Padova op-A 16th"]
[Site "Padova"]
[Date "2013.12.15"]
[Round "1.17"]
[White "Manca, Federico"]
[Black "Viaggi, Stefano"]
[Result "1-0"]
[WhiteElo "2402"]
[BlackElo "2033"]
[PlyCount "63"]
[EventDate "2013.12.15"]
[EventType "swiss"]
[EventRounds "9"]
[EventCountry "ITA"]
[SourceTitle "EXT 2024"]
[Source "ChessBase"]
[SourceDate "2023.10.10"]
[SourceVersion "1"]
[SourceVersionDate "2023.10.10"]
[SourceQuality "1"]

1. e4 c5 2. c3 d5 3. exd5 Qxd5 4. d4 Nf6 5. Nf3 Nc6 6. Be3 cxd4 7. cxd4 e5 8. Nc3 Bb4 9. dxe5 Qxd1+ 10. Rxd1 Ne4 11. Rc1 0-0 12. Bd3 Nxc3 13. bxc3 Ba3 14. Rb1 Re8 15. Bd4 Bg4 16. 0-0 Bxf3 17. gxf3 Nxe5 18. Be4 Nc6 19. Be3 Re7 20. Rb3 Bd6 21. Rd1 Rd7 22. Bxc6 bxc6 23. Bf4 Bxf4 24. Rxd7 h6 25. Rbb7 Be5 26. c4 c5 27. Rxf7 Rd8 28. Rfd7 Rf8 29. Kg2 Rf4 30. Re7 Bd4 31. Rxa7 Rf6 32. Rxg7+ 1-0

[Event "Padova op-A 15th"]
[Site "Padova"]
[Date "2012.12.18"]
[Round "3"]
[White "Viaggi, Stefano"]
[Black "Rossi, Carlo"]
[Result "0-1"]
[WhiteElo "2042"]
[BlackElo "2286"]
[PlyCount "92"]
[EventDate "2012.12.16"]
[EventType "swiss"]
[EventRounds "9"]
[EventCountry "ITA"]
[SourceTitle "EXT 2024"]
[Source "ChessBase"]
[SourceDate "2023.10.10"]
[SourceVersion "1"]
[SourceVersionDate "2023.10.10"]
[SourceQuality "1"]

1. d4 f5 2. Nf3 Nf6 3. Bf4 g6 4. e3 Bg7 5. h3 d6 6. Bc4 c6 7. Nc3 a5 8. Ng5 d5 9. Bd3 a4 10. Nxa4 Rxa4 11. Bxb8 Qa5+ 12. Qd2 Qa8 13. Be5 Rxa2 14. Rxa2 Qxa2 15. Qc1 0-0 16. 0-0 h6 17. Nf3 Be6 18. Qa1 Ra8 19. Qxa2 Rxa2 20. Rb1 Nd7 21. Bxg7 Kxg7 22. b4 Kf6 23. Kf1 Bf7 24. Ke1 g5 25. Nd2 e5 26. c3 Bh5 27. f3 e4 28. fxe4 fxe4 29. Be2 Bxe2 30. Kxe2 Nb6 31. Ke1 Nc4 32. Nxc4 dxc4 33. b5 Ke6 34. bxc6 bxc6 35. Rb8 Rxg2 36. Rh8 Rc2 37. Rxh6+ Kd7 38. h4 Rxc3 39. Ke2 Rc2+ 40. Kd1 Rg2 41. hxg5 c3 42. Rh4 Kd6 43. Rxe4 Kd5 44. Rh4 Kc4 45. e4 Kb3 46. Rh3 Kb2 0-1

[Event "Noale Szabados Memorial-A 5th"]
[Site "Noale"]
[Date "2012.02.04"]
[Round "3"]
[White "Viaggi, Stefano"]
[Black "Molina, Fabrizio"]
[Result "1-0"]
[WhiteElo "2011"]
[BlackElo "2311"]
[PlyCount "83"]
[EventDate "2012.02.03"]
[EventType "swiss"]
[EventRounds "5"]
[EventCountry "ITA"]
[SourceTitle "EXT 2022"]
[Source "ChessBase"]
[SourceDate "2021.10.06"]
[SourceVersion "1"]
[SourceVersionDate "2021.10.06"]
[SourceQuality "1"]

1. d4 d6 2. e4 Nf6 3. Nc3 Nbd7 4. Nf3 e5 5. Be2 Be7 6. 0-0 c6 7. a4 0-0 8. h3 b6 9. Be3 a6 10. Re1 Qc7 11. g4 g6 12. Nh2 exd4 13. Bxd4 Nc5 14. Bf3 Nfd7 15. Bg2 Re8 16. Qd2 Ne6 17. Be3 Rb8 18. Rad1 b5 19. axb5 axb5 20. Ne2 Bf8 21. Ng3 Ne5 22. b3 c5 23. f4 Nc6 24. Nf3 Ng7 25. f5 Bb7 26. Qf2 Rbd8 27. Bg5 Ra8 28. Bf6 Ra2 29. h4 Nb4 30. Re2 d5 31. e5 d4 32. h5 Rea8 33. hxg6 hxg6 34. Ng5 Ra1 35. Ree1 Rxd1 36. Rxd1 Ra2 37. Ne2 Be7 38. Qh4 Nh5 39. gxh5 Bxf6 40. exf6 gxf5 41. h6 Kh8 42. h7 1-0

[Event "Porto San Giorgio op 23rd"]
[Site "Porto San Giorgio"]
[Date "2011.08.22"]
[Round "2"]
[White "Viaggi, Stefano"]
[Black "Gilevich, Artem"]
[Result "1/2-1/2"]
[WhiteElo "2010"]
[BlackElo "2264"]
[PlyCount "40"]
[EventDate "2011.08.21"]
[EventType "swiss"]
[EventRounds "9"]
[EventCountry "ITA"]
[SourceTitle "CBM 144 Extra"]
[Source "ChessBase"]
[SourceDate "2011.10.28"]
[SourceVersion "1"]
[SourceVersionDate "2011.10.28"]
[SourceQuality "1"]

1. d4 Nf6 2. Nf3 d5 3. c3 e6 4. Bf4 c5 5. e3 Nc6 6. Nbd2 Bd6 7. Bg3 0-0 8. Bd3 Qe7 9. Ne5 Nd7 10. Nxd7 Bxd7 11. Bxd6 Qxd6 12. dxc5 Qxc5 13. Bxh7+ Kxh7 14. Qh5+ Kg8 15. Ne4 Qc4 16. Ng5 Rfd8 17. Qxf7+ Kh8 18. Qh5+ Kg8 19. Qf7+ Kh8 20. Qh5+ Kg8 1/2-1/2

[Event "Monselice Province-ch"]
[Site "Monselice"]
[Date "2009.01.11"]
[Round "5"]
[White "Viaggi, Stefano"]
[Black "Schoonhoven, Edger"]
[Result "0-1"]
[WhiteElo "1900"]
[BlackElo "1518"]
[PlyCount "88"]
[EventDate "2009.01.09"]
[EventType "swiss"]
[EventRounds "7"]
[EventCountry "ITA"]
[SourceTitle "EXT 2011"]
[Source "ChessBase"]
[SourceDate "2010.11.26"]
[SourceVersion "1"]
[SourceVersionDate "2010.11.26"]
[SourceQuality "1"]

1. d4 d5 2. Nf3 Nc6 3. e3 Bg4 4. c4 e5 5. dxe5 d4 6. Qa4 Bb4+ 7. Bd2 Bxd2+ 8. Nbxd2 dxe3 9. fxe3 Nge7 10. 0-0-0 0-0 11. h3 Bxf3 12. Nxf3 Qe8 13. Bd3 Kh8 14. Qb5 Rb8 15. e6 f5 16. Ng5 Qg6 17. h4 a6 18. Qb3 b5 19. c5 Ne5 20. Bc2 a5 21. g4 Nxg4 22. Rd7 a4 23. Qb4 Nxe3 24. Qf4 N7d5 25. Qe5 Nxc2 26. Qxd5 Nb4 27. Qd4 Nc6 28. Qf4 a3 29. h5 Qf6 30. h6 Qxb2+ 31. Kd1 g6 32. Rxh7+ Kg8 33. Rg7+ Kh8 34. Nf7+ Rxf7 35. Rxf7 Qb1+ 36. Qc1 Qd3+ 37. Qd2 Qf3+ 38. Kc2 Qe4+ 39. Kc1 Qxh1+ 40. Kc2 Qe4+ 41. Kc1 Qxe6 42. Rxc7 Qc4+ 43. Qc2 Qf4+ 44. Qd2 Qxc7 0-1